书目信息 |
| 题名: |
怎样提高规模猪场繁殖效率
|
|
| 作者: | 魏庆信 , 姜天童 , 黄少文 编著 | |
| 分册: | ||
| 出版信息: | 北京 金盾出版社 2009 |
|
| 页数: | 337页 | |
| 开本: | 21cm | |
| 丛书名: | ||
| 单 册: | ||
| 中图分类: | S828.3 | |
| 科图分类: | ||
| 主题词: | 猪--繁殖 | |
| 电子资源: | ||
| ISBN: | 978-7-5082-6050-1 | |
| 000 | 00986nam0 2200265 450 | |
| 001 | 2372408867 | |
| 005 | 20231212200725.09 | |
| 010 | @a978-7-5082-6050-1@dCNY18.00 | |
| 100 | @a20091020d2009 em y0chiy50 ea | |
| 101 | 0 | @achi |
| 102 | @aCN@b110000 | |
| 105 | @aak a 000yy | |
| 200 | 1 | @a怎样提高规模猪场繁殖效率@Azen yang ti gao gui mo zhu chang fan zhi xiao lv@f编著者魏庆信 ... [等] |
| 210 | @a北京@c金盾出版社@d2009 | |
| 215 | @a337页@c图@d21cm | |
| 304 | @a题名页题: 编著者魏庆信, 姜天童, 黄少文, 田永祥 | |
| 320 | @a有书目 (第336-337页) | |
| 330 | @a本书共10章, 内容包括: 概述、优化种猪群结构、繁殖过程中的生产工艺和生产组织、环境对繁殖性能的影响与猪舍的环境控制、哺乳仔猪的培育、猪的繁殖障碍及防治技术、猪的繁殖调控新技术等。 | |
| 606 | 0 | @a猪@x繁殖 |
| 690 | @aS828.3@v5 | |
| 701 | 0 | @a魏庆信@Awei qing xin@4编著 |
| 701 | 0 | @a姜天童@Ajiang tian tong@4编著 |
| 701 | 0 | @a黄少文@Ahuang shao wen@4编著 |
| 801 | 0 | @aCN@b湖北三新@c20100401 |
| 905 | @aBZT@dS828.3@e1 | |
| 怎样提高规模猪场繁殖效率/编著者魏庆信 ... [等].-北京:金盾出版社,2009 |
| 337页:图;21cm |
| ISBN 978-7-5082-6050-1:CNY18.00 |
| 本书共10章, 内容包括: 概述、优化种猪群结构、繁殖过程中的生产工艺和生产组织、环境对繁殖性能的影响与猪舍的环境控制、哺乳仔猪的培育、猪的繁殖障碍及防治技术、猪的繁殖调控新技术等。 |
| ● |
| 相关链接 |
|
|
|
正题名:怎样提高规模猪场繁殖效率
索取号:S828.3/1
 
预约/预借
| 序号 | 登录号 | 条形码 | 馆藏地/架位号 | 状态 | 备注 |
| 1 | 2001445630 | 2001445630 | 516书库/ [索取号:S828.3/1] | 在馆 | |
| 2 | 2001445631 | 2001445631 | 516书库/ [索取号:S828.3/1] | 在馆 | |
| 3 | 2001445632 | 2001445632 | 516书库/ [索取号:S828.3/1] | 在馆 | |
| 4 | 2001445633 | 2001445633 | 516书库/ [索取号:S828.3/1] | 在馆 | |
| 5 | 2001445634 | 2001445634 | 516书库/ [索取号:S828.3/1] | 在馆 | |
| 6 | 2001445635 | 2001445635 | 516书库/ [索取号:S828.3/1] | 在馆 | |
| 7 | 2001445636 | 2001445636 | 516书库/ [索取号:S828.3/1] | 在馆 | |
| 8 | 2001445637 | 2001445637 | 516书库/ [索取号:S828.3/1] | 在馆 | |
| 9 | 2001445638 | 2001445638 | 516书库/ [索取号:S828.3/1] | 在馆 | |
| 10 | 2001445639 | 2001445639 | 516书库/ [索取号:S828.3/1] | 在馆 | |
| 11 | 2001445640 | 2001445640 | 516书库/ [索取号:S828.3/1] | 在馆 | |
| 12 | 2001445641 | 2001445641 | 516书库/ [索取号:S828.3/1] | 在馆 | |
| 13 | 2001445642 | 2001445642 | 516书库/ [索取号:S828.3/1] | 在馆 | |
| 14 | 2001445643 | 2001445643 | 516书库/ [索取号:S828.3/1] | 在馆 | |
| 15 | 2001445644 | 2001445644 | 516书库/ [索取号:S828.3/1] | 在馆 | |
| 16 | 2001445645 | 2001445645 | 516书库/ [索取号:S828.3/1] | 在馆 | |
| 17 | 2001445646 | 2001445646 | 516书库/ [索取号:S828.3/1] | 在馆 | |
| 18 | 2001445647 | 2001445647 | 516书库/ [索取号:S828.3/1] | 在馆 | |
| 19 | 2001445648 | 2001445648 | 516书库/ [索取号:S828.3/1] | 在馆 | |
| 20 | 2001445649 | 2001445649 | 516书库/ [索取号:S828.3/1] | 在馆 | |
| 21 | 2001445650 | 2001445650 | 516书库/ [索取号:S828.3/1] | 在馆 | |
| 22 | 2001445651 | 2001445651 | 516书库/ [索取号:S828.3/1] | 在馆 | |
| 23 | 2001445652 | 2001445652 | 516书库/ [索取号:S828.3/1] | 在馆 | |
| 24 | 2001445653 | 2001445653 | 516书库/ [索取号:S828.3/1] | 在馆 | |
| 25 | 2001445654 | 2001445654 | 516书库/ [索取号:S828.3/1] | 在馆 | |
| 26 | 2001445655 | 2001445655 | 516书库/ [索取号:S828.3/1] | 在馆 | |
| 27 | 2001445656 | 2001445656 | 516书库/ [索取号:S828.3/1] | 在馆 | |
| 28 | 2001445657 | 2001445657 | 516书库/ [索取号:S828.3/1] | 在馆 | |
| 29 | 2001445658 | 2001445658 | 516书库/ [索取号:S828.3/1] | 在馆 | |
| 30 | 2001445659 | 2001445659 | 516书库/ [索取号:S828.3/1] | 在馆 |